Formula 1 - Countries and Drivers with most wins - Statistics

General Stats
  • This quiz has been taken 1,651 times
    1,251 since last reset
  • The average score is 33 of 46
Answer Stats
# of country's wins Country % Correct
307 United Kingdom
99%
179 Germany
98%
101 Brazil
96%
81 France
95%
103 Lewis Hamilton
94%
91 Michael Schumacher
93%
32 Spain
91%
43 Italy
90%
43 Australia
88%
41 Ayrton Senna
88%
57 Finland
86%
33 United States
86%
51 Alain Prost
84%
38 Argentina
84%
20 Netherlands
84%
41 Austria
82%
32 Fernando Alonso
81%
20 Max Verstappen
78%
17 Canada
77%
21 Kimi Räikkönen
76%
4 Mexico
75%
25 Niki Lauda
72%
24 Juan Manuel Fangio
71%
2 Monaco
71%
12 New Zealand
67%
12 Sweden
67%
11 Belgium
66%
10 South Africa
66%
2 Pedro Rodríguez/Sergio Perez
64%
1 Poland
63%
11 Jacques Villeneuve
62%
2 Charles Leclerc
61%
13 Alberto Ascari
59%
1 Venezuela
58%
7 Colombia
57%
12 Mario Andretti
57%
7 Switzerland
57%
14 Jack Brabham
55%
10 Jody Scheckter
53%
1 Robert Kubica
52%
1 Pastor Maldonado
49%
7 Juan Pablo Montoya
48%
8 Denny Hulme
45%
8 Jacky Ickx
41%
10 Ronnie Peterson
38%
5 Clay Regazzoni
34%
No matching quizzes found
Score Distribution
Percent of People with Each Score
Percentile by Number Answered
Your Score History
You have not taken this quiz since the last reset